Online Catalogue and eLibrary

Antha Kalathil Kappi Illai: (Record no. 4166)

MARC details
000 -LEADER
fixed length control field 00510nam a2200157Ia 4500
005 - DATE AND TIME OF LATEST TRANSACTION
control field 20250312010520.0
008 - FIXED-LENGTH DATA ELEMENTS--GENERAL INFORMATION
fixed length control field 240331s9999 xx 000 0 und d
020 ## - INTERNATIONAL STANDARD BOOK NUMBER
ISBN 8187477009
082 ## - DDC Classification
Item Number - Author Mark VEN
DDC Edition Number 4205
Class No. 894.811
100 ## - MAIN ENTRY--PERSONAL NAME
Personal name Venkatachalapathy, A. R
245 #0 - TITLE STATEMENT
Title Antha Kalathil Kappi Illai:
Remainder of title Muthalana Aaivu Katturaigal
260 ## - PUBLICATION, DISTRIBUTION, ETC.
Place of publication, distribution, etc. Nagercoil,
Name of publisher, distributor, etc. Kalachuvadu Pathippagam
Date of publication, distribution, etc. 2000
300 ## - PHYSICAL DESCRIPTION
Extent (e.g. Volumes, Pages etc.) 232 p.,
500 ## - GENERAL NOTE
General note Essays examining the socio-cultural changes in the formation of modern Tamil Nadu.
942 ## - Koha item type (Biblio)
Koha item type Books in Stacks (Lending)
Holdings
Lost status Damaged status Collection code Home library Current library Shelving location Date acquired Full call number Accession Number Item type
    Lending WERC Library WERC Library Social Science Cupboard 03/31/2024 894.811 VEN 4205 Books in Stacks (Lending)

© WERC Library